<?xml version='1.0' encoding='UTF-8'?>
  <record xmlns="http://www.loc.gov/MARC21/slim">
    <leader>00000cam a2200000Mi 4500</leader>
    <controlfield tag="001">ocn907121927</controlfield>
    <controlfield tag="003">OCoLC</controlfield>
    <controlfield tag="005">20240127100239.6</controlfield>
    <controlfield tag="008">850228s1551    be aci fr     000 0 dut d</controlfield>
    <datafield tag="040" ind1=" " ind2=" ">
      <subfield code="a">NLGGC</subfield>
      <subfield code="b">dut</subfield>
      <subfield code="e">rda</subfield>
      <subfield code="e">dcrmb</subfield>
      <subfield code="e">fobidrtb</subfield>
      <subfield code="c">NLGGC</subfield>
      <subfield code="d">OCLCO</subfield>
      <subfield code="d">OCLCF</subfield>
      <subfield code="d">QGE</subfield>
      <subfield code="d">OCLCA</subfield>
      <subfield code="d">OCLCO</subfield>
      <subfield code="d">OCLCA</subfield>
      <subfield code="d">OCLCL</subfield>
    </datafield>
    <datafield tag="026" ind1=" " ind2=" ">
      <subfield code="e">000004 - b1 A2 ris$ : b2 2C3 $van$</subfield>
      <subfield code="2">stcnf</subfield>
    </datafield>
    <datafield tag="029" ind1="0" ind2=" ">
      <subfield code="a">NLGGC</subfield>
      <subfield code="b">850850584</subfield>
    </datafield>
    <datafield tag="035" ind1=" " ind2=" ">
      <subfield code="a">(OCoLC)907121927</subfield>
    </datafield>
    <datafield tag="041" ind1="0" ind2=" ">
      <subfield code="a">dut</subfield>
    </datafield>
    <datafield tag="072" ind1=" " ind2="7">
      <subfield code="a">a</subfield>
      <subfield code="2">odfysin</subfield>
    </datafield>
    <datafield tag="072" ind1=" " ind2="7">
      <subfield code="a">c</subfield>
      <subfield code="2">odfysin</subfield>
    </datafield>
    <datafield tag="072" ind1=" " ind2="7">
      <subfield code="a">j</subfield>
      <subfield code="2">odfysin</subfield>
    </datafield>
    <datafield tag="072" ind1=" " ind2="7">
      <subfield code="a">x</subfield>
      <subfield code="2">odfysin</subfield>
    </datafield>
    <datafield tag="100" ind1="1" ind2=" ">
      <subfield code="a">Reygersbergh, Jan,</subfield>
      <subfield code="d">1500-15XX.</subfield>
      <subfield code="1">https://id.oclc.org/worldcat/entity/E39PCjJTbJPhhh9JJgyDxkgrhd</subfield>
    </datafield>
    <datafield tag="245" ind1="1" ind2="0">
      <subfield code="a">Dye cronijcke van Zeelandt.</subfield>
    </datafield>
    <datafield tag="260" ind1=" " ind2=" ">
      <subfield code="a">[S.l.] :</subfield>
      <subfield code="b">[s.n.],</subfield>
      <subfield code="c">[1551].</subfield>
      <subfield code="e">(Gheprent Thantwerpen... :</subfield>
      <subfield code="f">by die weduwe van Henrick Peetersen).</subfield>
    </datafield>
    <datafield tag="300" ind1=" " ind2=" ">
      <subfield code="a">[194] bladen ;</subfield>
      <subfield code="b">illustraties, kaart, wapenschilden, portret ;</subfield>
      <subfield code="c">in-4.</subfield>
    </datafield>
    <datafield tag="336" ind1=" " ind2=" ">
      <subfield code="a">tekst</subfield>
      <subfield code="b">txt</subfield>
      <subfield code="2">rdacontent/dut</subfield>
    </datafield>
    <datafield tag="337" ind1=" " ind2=" ">
      <subfield code="a">zonder medium</subfield>
      <subfield code="b">n</subfield>
      <subfield code="2">rdamedia/dut</subfield>
    </datafield>
    <datafield tag="338" ind1=" " ind2=" ">
      <subfield code="a">band</subfield>
      <subfield code="b">nc</subfield>
      <subfield code="2">rdacarrier/dut</subfield>
    </datafield>
    <datafield tag="340" ind1=" " ind2=" ">
      <subfield code="a">papier</subfield>
      <subfield code="m">in-4</subfield>
    </datafield>
    <datafield tag="500" ind1=" " ind2=" ">
      <subfield code="a">A-Z⁴ 2A-Y⁴ ²A-B⁴ 2C⁶</subfield>
    </datafield>
    <datafield tag="500" ind1=" " ind2=" ">
      <subfield code="a">Colofon:  Gheprent Thantwerpen , by die weduwe van Henrick Peetersen#</subfield>
    </datafield>
    <datafield tag="500" ind1=" " ind2=" ">
      <subfield code="a">Auteur: Jan Reygersberch. - Met Latijns gedicht van Jason à Pratis in het voorwerk.</subfield>
    </datafield>
    <datafield tag="510" ind1="4" ind2=" ">
      <subfield code="a">STCV</subfield>
      <subfield code="c">c:stcv:12916783</subfield>
    </datafield>
    <datafield tag="510" ind1="4" ind2=" ">
      <subfield code="a">BT</subfield>
      <subfield code="c">4156</subfield>
    </datafield>
    <datafield tag="510" ind1="0" ind2=" ">
      <subfield code="a">Nijhoff / Van Hattum 262</subfield>
    </datafield>
    <datafield tag="651" ind1=" " ind2="0">
      <subfield code="a">Zeeland (Netherlands : Province)</subfield>
      <subfield code="v">Early works to 1800</subfield>
      <subfield code="x">History.</subfield>
    </datafield>
    <datafield tag="651" ind1=" " ind2="0">
      <subfield code="a">Zeeland (Netherlands : Province)</subfield>
      <subfield code="v">Early works to 1800</subfield>
      <subfield code="x">Description and travel.</subfield>
    </datafield>
    <datafield tag="651" ind1=" " ind2="0">
      <subfield code="a">Zeeland (Netherlands : Province)</subfield>
      <subfield code="v">Genealogy</subfield>
      <subfield code="v">Early works to 1800.</subfield>
    </datafield>
    <datafield tag="651" ind1=" " ind2="6">
      <subfield code="a">Zélande (Pays-Bas)</subfield>
      <subfield code="v">Ouvrages avant 1800</subfield>
      <subfield code="x">Histoire.</subfield>
    </datafield>
    <datafield tag="651" ind1=" " ind2="6">
      <subfield code="a">Zélande (Pays-Bas)</subfield>
      <subfield code="v">Ouvrages avant 1800</subfield>
      <subfield code="x">Descriptions et voyages.</subfield>
    </datafield>
    <datafield tag="651" ind1=" " ind2="6">
      <subfield code="a">Zélande (Pays-Bas)</subfield>
      <subfield code="v">Généalogies</subfield>
      <subfield code="v">Ouvrages avant 1800.</subfield>
    </datafield>
    <datafield tag="651" ind1=" " ind2="7">
      <subfield code="a">Netherlands</subfield>
      <subfield code="z">Zeeland (Province)</subfield>
      <subfield code="2">fast</subfield>
      <subfield code="0">(OCoLC)fst01330377</subfield>
      <subfield code="1">https://id.oclc.org/worldcat/entity/E39QbtfRgHWqjVPCbyChBgCqkc</subfield>
    </datafield>
    <datafield tag="655" ind1=" " ind2="7">
      <subfield code="a">Early works.</subfield>
      <subfield code="2">fast</subfield>
      <subfield code="0">(OCoLC)fst01411636</subfield>
    </datafield>
    <datafield tag="655" ind1=" " ind2="7">
      <subfield code="a">Genealogy.</subfield>
      <subfield code="2">fast</subfield>
      <subfield code="0">(OCoLC)fst01423818</subfield>
    </datafield>
    <datafield tag="700" ind1="1" ind2=" ">
      <subfield code="a">Pratensis, Jason,</subfield>
      <subfield code="d">1486-1558.</subfield>
      <subfield code="1">https://id.oclc.org/worldcat/entity/E39PBJm96XF8w4mDVh7qXfHQv3</subfield>
    </datafield>
    <datafield tag="710" ind1="1" ind2=" ">
      <subfield code="a">Peetersen van Middelborgh, Hendrik (wed., Antwerpen)</subfield>
      <subfield code="4">prt</subfield>
      <subfield code="0">(NL-LeOCL)124670628</subfield>
    </datafield>
    <datafield tag="752" ind1=" " ind2=" ">
      <subfield code="a">België</subfield>
      <subfield code="d">Antwerpen</subfield>
      <subfield code="e">plaats van uitgave</subfield>
      <subfield code="f">binnen die camer poorte</subfield>
      <subfield code="g">inden Mol</subfield>
      <subfield code="4">pup</subfield>
      <subfield code="4">prp</subfield>
    </datafield>
    <datafield tag="758" ind1=" " ind2=" ">
      <subfield code="a">Dye cronijcke van Zeelandt (Text)</subfield>
      <subfield code="1">https://id.oclc.org/worldcat/entity/E39PCXkYKFKmkyrdpVQ7vg3CwC</subfield>
      <subfield code="4">https://id.oclc.org/worldcat/ontology/hasWork</subfield>
    </datafield>
    <datafield tag="776" ind1="0" ind2=" ">
      <subfield code="t">Dye cronijcke van Zeelandt</subfield>
      <subfield code="w">(NL-LeOCL)377553581</subfield>
    </datafield>
  </record>